| 000 | 00922cam a22002651 4500 | ||
|---|---|---|---|
| 001 | sa 68001417 | ||
| 003 | DLC | ||
| 005 | 20260227112433.0 | ||
| 008 | 710903s1953 ii af b 100 0 eng | ||
| 010 | _asa 68001417 | ||
| 040 |
_aDLC _cDLC _dDLC |
||
| 043 | _aa-ii--- | ||
| 050 | 0 | 0 |
_aTP326.I5 _bS9 1950 |
| 111 | 2 |
_aSymposium on Scientific Utilization of Coal in India, _cDelhi, _d1950. |
|
| 245 | 0 | 0 | _aProceedings. |
| 260 |
_aNew Delhi, _bNational Institute of Sciences of India, _c1953. |
||
| 300 |
_a140 p. _billus., plates. _c25 cm. |
||
| 490 | 1 |
_aNational Institute of Sciences of India. Bulletin, _vno. 2 |
|
| 500 | _aCover title. | ||
| 500 | _aOrganized by the Council of the National Institute of India. | ||
| 504 | _aIncludes bibliographies. | ||
| 650 | 0 |
_aCoal _zIndia. |
|
| 710 | 2 | _aNational Institute of Sciences of India. | |
| 830 | 0 |
_aBulletin of the National Institute of Sciences of India ; _vno. 2. |
|
| 999 |
_c77930 _d77930 |
||